000
00280nam a22001217a 4500
008
170529b xxu||||| |||| 00| 0 eng d
041
_a
eng
080
_a
621(075.8)
100
_a
26
101
_a
IM
245
_a
ELECTRONIC PROCESSES IN MATERIALS
_c
BROPHY, J.J
942
_2
udc
_c
BK
999
_c
14897
_d
14897